LEADER 01248nam a2200301 i 4500 001 000000048901 003 CaOOAMICUS 005 20080214000000.0 008 080214s1978 it u000 u ita u 013 $a20071 040 $aSeMil$bita 100 1 $aCantalamessa, Raniero,$c.$0(OLS)http://semarc/name/42 245 10$aCristianesimo e valori terreni :$bsessualitą, politica e cultura /$cRaniero Cantalamessa. 250 $a2. ed. 260 $aMilano :$bVita e Pensiero,$ccopyr. 1978. 300 $aIX, 198 p. ;$c20 cm. 490 0 $aFede e mondo moderno ;$v1 500 $aFondo Card. Giovanni Colombo. 650 4$aPolitica e morale.$0(OLS)http://semarc/subject/5052 650 4$aSesso.$0(OLS)http://semarc/subject/8431 650 4$aCultura.$0(OLS)http://semarc/subject/5616 830 0$aFede e mondo moderno ;$v1.$0(OLS)http://semarc/title/6939 850 $aSeMil 852 $aSeMil$W1$xVenegono$y1$m2E I 241 °$j15056$B15056$CSeMilBibl$Z2$F15056 $81 941 1 $a3 961 $aLascito: Colombo Card. Giovanni 996 $6245$aCristianesimo e valori terreni :$bsessualitą, politica e cultura$9(OLS)http://semarc/title/74128 996 $6260$aMilano :$bVita e Pensiero$9(OLS)http://semarc/publisher/29642 LEADER 00890nam a2200217 i 4500 001 000000200269 003 CaOOAMICUS 005 20110406000000.0 008 110406n it u000 u ita u 013 $a178967 040 $aSeMil$bita 100 1 $aOggioni, Giulio ,$c.$0(OLS)http://semarc/name/9920 245 12$aL'Azione Cattolica :$buna vocazione a servizio della Chiesa /$cMons. Giulio Oggioni Vescovo di Lodi. 260 $a[S.l. :$bs.n.],$c[1976] 300 $a24 p. ;$c20 cm. 650 4$aAzione Cattolica.$0(OLS)http://semarc/subject/9697 850 $aSeMil 852 $aSeMil$W1$xVenegono$y1$m5D VII 18/27$j150798$B150798$CSeMilBibl$Z2$F162106 $81 961 $aOmaggio: Altro 996 $6245$aL'Azione Cattolica :$buna vocazione a servizio della Chiesa$9(OLS)http://semarc/title/289601 996 $6260$a[S.l. :$bs.n.]$9(OLS)http://semarc/publisher/29751